000 01202nam a2200265Ia 4500
003 PE SENCICO BE
005 20251020182434.0
008 200515s9999 xx 000 0 und d
040 _aPE SENCICO BE
_cPE SENCICO BE
082 _a720.472
_bS61
100 1 _91295
_aSmith, Peter F.
_eautor
245 1 0 _aLa arquitectura en un clima de cambio :
_buna guía para el diseño sostenible /
_cPeter F. Smith
250 _a[1a ed.]
260 _aBarcelona :
_bReverté,
_c2017
300 _axxi, 320 p. :
_bil. col., diagrs.,
_c24 cm.
504 _aBibliografía: p. 313
520 _aLa obra propone cambios en la manera de construir. En su primera parte expone las pruebas del evidente cambio climático. El libro además promueve la asociación creativa entre los profesionales de la construcción con el fin de alcanzar las condiciones óptimas para los usuarios con la mínima demanda de combustibles fósiles.
650 1 4 _aArquitectura sostenible
_9280
650 2 4 _aCambio climático
_91296
650 2 0 _aArquitectura y clima
_9188
650 2 0 _aArquitectura bioclimática
_9189
650 2 0 _aTecnología ecológica
_91297
700 1 _91299
_aVeuthey, Maysi
_etraductor
942 _cLIB
_2ddc
999 _c337
_d337